01250 a2200217 45000010006000000050017000060080041000230030015000640400040000790800125001192450079002440200018003232640034003413000024003755050417003991000030008167000026008467000028008727000038009008560094009383616920260407155638.0260407a1994 arg spa dAR-UNSa-BCEJYS aAR-UNSa-BCEJYSbspacAR-UNSa-BCEJYS a658.012.2xPlanificación. Programas. Planes. Medidas de apoyo a la planificación( Administración estratégica...)10aDirección y administración estratégicaspconceptos, casos y lecturas a970-10-1693-9 1aMéxico :bMcGraw-Hillc1994 axx, 1034 p.c25 cm. a1. Proceso de dirección estratégica - 2. Las tareas para la formulación de la estrategia - 3. Análisis industrial y competitivo - 4. Análisis de la situación de la compañía - 5. Estrategia y ventaja competitiva - 6. Adaptación de la estrategia a la situación - 7. Estrategias de diversificación corporativa - 8. Técnicas para analizar a compañías diversificadas - 9. Implementación 1 aThompson, Arthur A. , Jr.1 aStrickland, A.J., III1 aIbarra Colado, Patricia1 aSánchez Carrión, Miguel Angel41uhttps://biblioeco.unsa.edu.ar/pmb/images/libros/L69900.jpgyImagen de portadaqimage/jpeg